Metodický rozbor tematického celku Prechodné obdobie od kapitalizmu k socializmu záverečná práca

Gespeichert in:
Bibliographische Detailangaben
1. Verfasser: Gálet, Peter
Körperschaft: Vysoká škola ekonomická v Bratislave. Národohospodárska fakulta
Weitere Verfasser: Šlosár, Rudolf
Format: Buch
Sprache:Slowakisch
Veröffentlicht: Bratislava 1987
Tags: Tag hinzufügen
Keine Tags, Fügen Sie das erste Tag hinzu!

MARC

LEADER 00000nam a2200000 4500
001 c030558
005 20230116095121.7
041 0 |a slo 
044 |a SK 
245 1 0 |a Metodický rozbor tematického celku Prechodné obdobie od kapitalizmu k socializmu  |b záverečná práca  |c Peter Gálet ; Ved. práce Rudolf Šlosár 
264 1 |a Bratislava  |c 1987 
300 |a 40 s. 
100 1 |a Gálet, Peter 
700 1 |a Šlosár, Rudolf 
710 2 |a Vysoká škola ekonomická v Bratislave. Národohospodárska fakulta